00338nam a2200133Ia 4500003000400000005001700004008004100021040001800062041000800080100004100088110001900129245003600148260002000184OSt20230524143855.0211028s2019 xx 000 0 und d cAIMIT LIBRARY aeng aShashidhara; Lazardo, Suman.e171923 aMohammed Riyaz aSubscription management system. aBengaluruc2019